| 000 | 00438nam a2200193Ia 4500 | ||
|---|---|---|---|
| 008 | 170918s9999 xx 000 0 und d | ||
| 020 | _a7807300499 | ||
| 050 | _bW678 1985 | ||
| 100 | _aWilhelm, Hans | ||
| 245 | _aBunny trouble / | ||
| 245 | _cHans Wilhelm. | ||
| 260 | _aNew York : | ||
| 260 | _bScholastic, | ||
| 260 | _c1985 | ||
| 300 | _aunpaged : | ||
| 300 | _bcolored illustration ; | ||
| 300 | _c23cm. | ||
| 500 | _a390 | ||
| 999 |
_c341239 _d341239 |
||